000
00234 a2200097 4500
001
38002
100
_a
King R B
245
_a
Hand Book of Modern Grinding Technology
260
_a
USA
_b
Chapman and Hall
_c
1986
090
_c
24181
_d
24181
942
_a
NUST-CAE
_c
M
_c
15760
999
_c
273075
_d
273075